Statistics for Devons big quiz

Click here to take the quiz!

General Stats

  • This quiz has been taken 98 times
  • The average score is 10 of 17

Answer Stats

QuestionAnswer% Correct
Counties bordering DevonCornwall
96%
National parks within DevonDartmoor
92%
Somerset
92%
Jam first or cream firstCream
85%
Dorset
82%
Devon football team in Efl league one (2020/21)Plymouth Argyle
82%
Exmoor
81%
Town on English RiveriaTorquay
79%
Rugby team in ExeterChiefs
72%
River that forms southerly border to the west (in the south)Tamar
64%
Road that runs between Plymouth and ExeterA38
54%
Road between Exeter and OkehamptonA30
52%
Name of island at Bigbury on seaBurgh
40%
Highest point in DevonHigh Willhays
24%
Name of geographical feature at Dawlish Warren that stretches over the Ex estuarySpit
21%
Animal that escaped for 3 weeks from DZP a few years backLynx
12%
And it's height above sea level (m)621
6%

Score Distribution

Percentile by Number Answered

Percent of People with Each Score

Your Score History

You have not taken this quiz